000 00480nam a2200181Ia 4500
005 20250508160338.0
008 008 250505s9999 xx 000 0 eng d
037 _aTextual
040 _aFEDL
_beng
_cFEDL
041 _aeng
_2eng
084 _a973, NEV
_qFEDL
100 _aNevins Allan
245 0 _aNew deal and world affairs
260 _aNew Haven
_bYale University Press
_c1950
300 _a332p.
942 _cTEXL
_h973, NEV
999 _c1363899
_d1363899